| 000 | 01110nam a2200301 i 4500 | ||
|---|---|---|---|
| 003 | EG-GICUC | ||
| 005 | 20260509152523.0 | ||
| 008 | 260509s1955 xxx||||f |||| 00| 0 eng d | ||
| 040 |
_aEG-GiCUC _beng _cEG-GiCUC _dEG-GiCUC _erda |
||
| 041 |
_aeng _afre _aara |
||
| 082 | 0 | 4 |
_221 _a341.062 |
| 092 | 0 | 4 | _221 |
| 099 | _aLaw1 11 341.062 LE . A 1955 1108121 C1 | ||
| 110 |
_aLeague of Arab States. _eAuthor. |
||
| 245 | _aAgreements and conventions concluded between member States within the framework of the Arab League. | ||
| 246 | 1 | 3 | _aTexte des traités et conventions conclus entre les États membres dans le cadre de la Ligue arabe. |
| 246 | 1 | 3 | _aمجموعة المعاهدات والاتفاقيات. |
| 264 |
_a[Place of publication not identified] : _b[Publisher not identified], _c[1955] |
||
| 300 |
_apages ; _c24 cm |
||
| 336 |
_2rda content _atext |
||
| 337 |
_2rda media _aComputer |
||
| 338 |
_2rda carrier _aOnline Resource |
||
| 650 | 1 |
_aTreaties _2qrmak |
|
| 651 | 1 | _2qrmak | |
| 856 | 4 | 0 | _uhttps://fll.law.cu.edu.eg/fulltext/bks/B11-08121.pdf |
| 905 | _a162 | ||
| 942 |
_2ddc _cBK _e21 _n0 |
||
| 999 |
_c76392 _d76392 |
||